000 00622nam a2200121Ia 4500
008 220620s9999||||xx |||||||||||||| ||und||
100 _aVermeulen, Floris
245 4 _aThe Immigrant Organising Process
_bTurkish Organisations in Amsterdam and Berlin and Surinamese Organisations in Amsterdam, 1960-2000
546 _aEnglish[eng]
650 _aturks||political opportunity structure model||amsterdam||wetenschap algemeen||organisational ecology||immigrant organisations||popular science||integration policy||surinamese||berlin
856 _uhttps://library.oapen.org/bitstream/20.500.12657/35178/1/340158.pdf
942 _cEB
999 _c21650
_d21650